00651nam a2200241 a 4500001001300000003000900013005001700022008004100039020001000080082001500090100001900105245002000124260004800144300000900192500003500201505001000236650001900246700001900265902000800284942000700292952009500299999001500394nice12345678IN_TiNIC20260116011832.0050524s1877 laha grs 000 0 49g  ac10000a224.9bFRE aFrench, Lord B aInjil-E-Dawood. aLahorebPunjab Religious Booksociety c1877 a350p aincludes index and biblioraphy2 aIndex aBible-Prophets1 aFrench, Lord B bSRS cPS 00104070aHMIbHMId2007-06-19g100.00l0o224.9 FREp8701r2007-06-19w2026-01-16yARB c4325d4325